Sukhomoy chakravarty (Record no. 5213)

000 -LEADER
fixed length control field 00376pab a2200145 454500
008 - FIXED-LENGTH DATA ELEMENTS--GENERAL INFORMATION
fixed length control field 180718b1990 xxu||||| |||| 00| 0 eng d
100 ## - MAIN ENTRY--PERSONAL NAME
Personal name Alagh, Yoginder K.
245 ## - TITLE STATEMENT
Title Sukhomoy chakravarty
260 ## - PUBLICATION, DISTRIBUTION, ETC.
Date of publication, distribution, etc. 1990
300 ## - PHYSICAL DESCRIPTION
Extent 47-8
362 ## - DATES OF PUBLICATION AND/OR SEQUENTIAL DESIGNATION
Dates of publication and/or sequential designation 27 Oct.
650 ## - SUBJECT ADDED ENTRY--TOPICAL TERM
Topical term or geographic name entry element Chakravarty, Sukhomoy - Criticism And Interpretation
773 ## - HOST ITEM ENTRY
Main entry heading Mainstream (Annual Number)
909 ## -
-- 5213
Holdings
Withdrawn status Lost status Damaged status Not for loan Permanent Location Current Location Date acquired Barcode Date last seen Price effective from Koha item type
        Indian Institute of Public Administration Indian Institute of Public Administration 2018-07-19 AR5219 2018-07-19 2018-07-19 Articles

Powered by Koha